000 00430nam a2200181Ia 4500
001 16581
005 20260306170320.0
008 260306t2022||||xx |||||||||||||| ||und||
041 _aESP
082 _a348.8
_bA11M
100 _aAbanto Revilla, César
_eAUT
245 0 _aManual de litigación laboral
260 _c2022
300 _a366 páginas :
_c25 cm.
650 _aGEN
654 _aCDE
942 _cLIB
_dJUS
_fJUS
_2ddc
_n
999 _c16581
_d16581